Mini Sudoku Quiz Stats

 Plays Quiz Updated Mar 17, 2020

Support Sporcle.
Go Orange.
Score 0/10 Timer 03:00
10 Plays Today
% Correct
1
90.1%
1
90%
1
87.5%
1
86.6%
3
85.2%
2
84.1%
3
83.9%
4
82%
3
80.8%
4
79.9%

From the Vault

Reverse Alphabet: Literature

by samc67

For an extra challenge, read the questions in reverse too.
Remove Ads.
Support Sporcle.
Get the best of Sporcle when you Go Orange. This ad-free experience offers more features, more stats, and more fun while also helping to support Sporcle. Thank you for becoming a member.

Show Comments

Extras

Top Quizzes Today


Score Distribution

Your Account Isn't Verified!

In order to create a playlist on Sporcle, you need to verify the email address you used during registration. Go to your Sporcle Settings to finish the process.

Report this User

Report this user for behavior that violates our Community Guidelines.

Details: